000 00372nam a2200157Ia 4500
008 230711s9999||||xx |||||||||||||| ||und||
041 _aENG
082 _a621
_bWA-E
100 _aWadhwa,C.L
245 0 _aElectrical power system
250 _a4th
260 _c2005
_aNew Delhi
_bWiley Eastern Limited
300 _a887
650 _aElectrical Engineering
942 _cBK
999 _c1259
_d1259